000
00363nam a2200169Ia 4500
100
_a
Sukh Shammi
650
_a
Philosophy
942
_c
BK
366
_f
25
654
_a
HUMAN RELATIONS
245
_a
ABC OF HUMAN RELATIONS.
260
_b
BETTER YOURSELF BOOK
_a
Bandra
_c
2006
082
_a
170/SUK
_b
SUK
300
_a
147
546
_a
ENGLISH
999
_c
31675
_d
31675